000 00550nam a2200205Ii 4500
003 JO-AjNU
008 230606s9999||||xx |||||||||||||| ||und||
020 _a0-07-222638-2
040 _aJO-AjNU
_beng
_erda
_cJO-AjNU
041 _aeng
050 1 4 _aT385.2002
100 3 _aPlotkin,David,
_eauthor
_91215
245 0 0 _aPhotoshop Elements
264 3 1 _aLondon:Mcgraw hill,2002
300 _a506p
336 _atext
_btxt
_2rdacontent
337 _aunmediated
_bn
_2rdamedia
338 _avolume
_bnc
_2rdacarrier
650 4 _aPhotoshop Elements
_91216
999 _aE639
_c639
_d639